000 00490nam a2200193Ia 4500
003 0100
008 130227s9999 xx 000 0 und d
040 _cARRUPELIB
050 _aJC330.I5K49 2006
100 _aKeys, Mary M.
245 _aAquinas, Aristotle, and the promise of the common good
260 _aCambridge
260 _bCambridge University Press
260 _C2006
300 _axiii
300 _b 255p. 24cm.
650 _bAsia, Ancient - History
942 _2lcc
_012
999 _c4147
_d4147